| 000 | 00414nam a2200157 i 4500 | ||
|---|---|---|---|
| 001 | bg | ||
| 100 | 1 | _aGENAL, Fritz | |
| 245 | 0 |
_aBetrieb, Instandhaltung und Reinigung von Kanalisationsanlagen / _cFritz Genal. |
|
| 260 |
_aWiesbaden : _bBauverlag GMBH, _c1968. |
||
| 300 |
_as. 224 : _bilustr. |
||
| 040 | _cBPK | ||
| 041 | _apol | ||
| 080 | _a628.6 | ||
| 942 | _cKS | ||
| 008 | s pl f |000 0 pol | ||
| 999 |
_c12052 _d12052 |
||
| 856 |
_uhttp://koha.tu.koszalin.pl/cgi-bin/koha/opac-detail.pl?biblionumber=12052 _yKatalog online BPK |
||